00858nam a22001937a 450000500170000001000150001702000260003203500130005803700130007108200110008424501800009526000390027527000510031430000520036550000420041752001200045965000390057971000460061820130814143321.0 aENG-108254 c160.00a9789381325179 aEN-91787 bDBAD/PUB a181.45 aBhagavad Gita’s message of harmony and synthesis : bpapers read at a seminar held at the Ramakrishna Mission Institute of Culture, Kolkata, India, from January 8 to 9, 2011 aKolkatabRamakrishna Missionc2012 aInstitute of Culture Gol ParkbKolkatae700029 aviii,248p. ,6 pages of plates :c22cm(Hb)bill. a Includes bibliographical references. a Papers presented in a seminar held at Ramakrishna Mission Institute of Culture, Kolkata from January 8 to 9, 2011. a Harmony (Philosophy)vCongresses. aRamakrishna MissionbInstitute of Culture